[Event "POL-chT3 Dolnoslaskie 1314"]
[Site "Poland"]
[Date "2014.02.02"]
[Round "8.4"]
[White "Lambucki, Lukasz"]
[Black "Szydelko, Marcin"]
[Result "0-1"]
[WhiteElo "1829"]
[BlackElo "1880"]
[PlyCount "98"]
[EventDate "2013.10.20"]
[EventType "team-tourn"]
[EventRounds "11"]
[EventCountry "POL"]
[SourceTitle "EXT 2018"]
[Source "ChessBase"]
[SourceDate "2017.10.13"]
[SourceVersion "1"]
[SourceVersionDate "2017.10.13"]
[SourceQuality "1"]
[WhiteTeam "Olesnica Pogon"]
[BlackTeam "Radkow Giecek"]
[WhiteTeamCountry "POL"]
[BlackTeamCountry "POL"]

1. d4 Nf6 2. c4 e6 3. Nc3 Bb4 4. f3 d5 5. a3 Bxc3+ 6. bxc3 c5 7. cxd5 Nxd5 8. Bd2 cxd4 9. cxd4 Qh4+ 10. g3 Qxd4 11. e4 Ne3 12. Bxe3 Qxe3+ 13. Be2 0-0 14. Qd3 Qxd3 15. Bxd3 Nc6 16. Ke2 e5 17. Ke3 Be6 18. Rb1 b6 19. Ne2 Rfd8 20. Rhc1 Rd6 21. Bb5 Rc8 22. Rb2 Na5 23. Rxc8+ Bxc8 24. Rc2 Bb7 25. Rc7 Kf8 26. f4 exf4+ 27. Nxf4 a6 28. Bd3 Rc6 29. Rd7 Ke8 30. Rd4 Rc3 31. Nh5 Nc6 32. Rd5 Kf8 33. Rd7 Na5 34. Kd4 Rxa3 35. Bc4 Nxc4 36. Rxb7 b5 37. Rb8+ Ke7 38. Nxg7 Kf6 39. Ne8+ Kg6 40. Nc7 Ra4 41. Rg8+ Kh6 42. Kc5 Nd2 43. e5 b4 44. Nd5 b3 45. Rb8 Rc4+ 46. Kd6 Rd4 47. Kc5 Rc4+ 48. Kd6 Rc2 49. Nf4 b2 0-1

[Event "Poznan op 20th"]
[Site "Poznan"]
[Date "2011.07.23"]
[Round "8"]
[White "Lambucki, Lukasz"]
[Black "Zielewicz, Piotr"]
[Result "1/2-1/2"]
[WhiteElo "1844"]
[BlackElo "1773"]
[PlyCount "81"]
[EventDate "2011.07.16"]
[EventType "swiss"]
[EventRounds "9"]
[EventCountry "POL"]
[SourceTitle "CBM 143 Extra"]
[Source "ChessBase"]
[SourceDate "2011.08.29"]
[SourceVersion "1"]
[SourceVersionDate "2011.08.29"]
[SourceQuality "1"]

1. d4 Nf6 2. c4 e6 3. Nc3 d5 4. Bg5 Be7 5. Nf3 Nbd7 6. e3 0-0 7. Be2 dxc4 8. Bxc4 c6 9. a3 Nd5 10. Bxd5 Bxg5 11. Ba2 b6 12. 0-0 Bh6 13. Qe2 Bb7 14. Rfd1 Nf6 15. Rac1 Qe7 16. Bb1 g6 17. Ne5 Rac8 18. Rd2 c5 19. Rcd1 Nd5 20. Ne4 f5 21. Nc3 Qg7 22. Nxd5 Bxd5 23. Rd3 Qb7 24. f4 Bg7 25. Rc3 Bxe5 26. dxe5 c4 27. Rd4 b5 28. Rc1 Qb6 29. h3 Rc7 30. Kh2 a5 31. Qd2 b4 32. axb4 Qxb4 33. Rc3 Rb7 34. Rxd5 Qxb2 35. Bxf5 gxf5 36. Rc2 c3 37. Qd3 exd5 38. Qxd5+ Rff7 39. Qd8+ Kg7 40. Qg5+ Kf8 41. Qd8+ 1/2-1/2

[Event "Poznan op 20th"]
[Site "Poznan"]
[Date "2011.07.17"]
[Round "2"]
[White "Chojnacki, Krzysztof"]
[Black "Lambucki, Lukasz"]
[Result "1-0"]
[WhiteElo "2437"]
[BlackElo "1844"]
[PlyCount "57"]
[EventDate "2011.07.16"]
[EventType "swiss"]
[EventRounds "9"]
[EventCountry "POL"]
[SourceTitle "CBM 143 Extra"]
[Source "ChessBase"]
[SourceDate "2011.08.29"]
[SourceVersion "1"]
[SourceVersionDate "2011.08.29"]
[SourceQuality "1"]

1. d4 Nf6 2. c4 e5 3. dxe5 Ng4 4. e4 Nxe5 5. f4 Nec6 6. Be3 Bb4+ 7. Nc3 Qe7 8. Bd3 0-0 9. Nge2 f5 10. 0-0 Bxc3 11. Nxc3 d6 12. Qf3 Be6 13. Rae1 Qf7 14. c5 dxc5 15. Bxc5 Rd8 16. b3 Kh8 17. exf5 Bxf5 18. Bc4 Qg6 19. Nd5 Nd7 20. Ba3 Nb6 21. Bb2 Bg4 22. Qf2 Nxd5 23. f5 Qg5 24. Bxd5 Rxd5 25. f6 Ne5 26. fxg7+ Kxg7 27. Qf7+ Kh6 28. Rxe5 Rxe5 29. Rf6+ 1-0